| 000 | 00563cam a22001451 4500 | ||
|---|---|---|---|
| 082 |
_a621.31934 _bMAS _cL-10, P-24 |
||
| 100 | 1 |
_aMaskery, William. _941476 |
|
| 245 | 0 | 0 |
_aPractical electric cable jointing; _bthe plumber-jointer and his craft, _cby Wm. Maskery; with thirty-five diagrams and three plates. |
| 260 |
_aLondon, _bThe Technical press ltd., _c1935. |
||
| 300 |
_aviii, 120 p. _billus., III pl., diagrs. _c19 cm. |
||
| 490 | 0 | _aTechnical press manuals | |
| 526 |
_a0 _b0 _c0 _d621_319340000000000_MAS |
||
| 650 | 0 |
_aElectric cables. _941477 |
|
| 942 |
_2ddc _cBK |
||
| 999 |
_c545577 _d545577 |
||